Lúdica cuerpo y creatividad: la nueva pedagogía para el siglo XXI

שמור ב:
מידע ביבליוגרפי
Main Authors: Jiménez Vélez, Carlos Alberto (Author), Dinello, Raimundo Angel (Author), Motta Marroquín, Jesús Alberto (Author)
פורמט: ספר
שפה:ספרדית
יצא לאור: Bogotá Magisterio 2001
סדרה:Colección Aula Alegre
נושאים:
תגים: הוספת תג
אין תגיות, היה/י הראשונ/ה לתייג את הרשומה!

MARC

LEADER 00000nam a2200000 a 4500
001 UCI1178
003 CL-VaPUC
008 070622e20010000CK |||||||||||||||||spa|d
020 |a 9582006110 
082 0 4 |a 372.21  |b JIM  |2 21 
100 |a Jiménez Vélez, Carlos Alberto  |e author  |9 521636 
700 0 |a Dinello, Raimundo Angel  |e author  |9 521503 
700 0 |a Motta Marroquín, Jesús Alberto  |e author  |9 521504 
245 1 0 |a Lúdica cuerpo y creatividad: la nueva pedagogía para el siglo XXI 
300 |a 226 p 
942 |c BK 
945 |d 20070622 00:00:00  |a jtorresc 
260 |a Bogotá  |b Magisterio  |c 2001 
650 0 |a Juegos educativos  |9 307366 
650 0 |a Planificación de la educación   |9 307333 
650 0 |a Psicología del niño  |9 307305 
583 |a last modification  |c 20130107 12:33:02  |k Rodrigo Vera 
490 0 |a Colección Aula Alegre 
999 |c 326019  |d 326017 
952 |0 0  |1 0  |4 0  |6 372_210000000000000_JIM_2001  |7 0  |8 A  |9 407631  |a BIBEDU  |b BIBEDU  |c ES_NOD  |d 2019-11-22  |i 4346750  |o 372.21 JIM 2001  |p 4346750  |r 2023-08-09  |w 2019-11-22  |y BK  |k EBA